000 nam a22 7a 4500
999 _c10044
_d10044
008 180209b ||||| |||| 00| 0 eng d
100 _aDorling Kindersley
_96070
245 _aLongman school atlas
260 _aNoida
_bOm press publication
_c2008